| 000 | 00689nam a2200169 a 4500 | ||
|---|---|---|---|
| 008 | 120416s0000 ||||||||||||||||| || u | ||
| 020 | _a0851393535 | ||
| 050 | _aNA 1995 Wri | ||
| 100 | _aWright, Frank Lloyd | ||
| 245 | 1 | 0 | _aLetters to clients |
| 260 |
_aLondon _bThe Architectural Press _c1987 |
||
| 300 | _axii, 320p. : ill. | ||
| 350 | _a0.00 | ||
| 700 | _aPfeiffer, Bruce Brooks | ||
| 995 |
_aBINDERY (DAMAGED) _D0.00 _e725959 _FCBU-MAIN LIBRARY (Kitwe) _H2 _I25.00 _jNA 1995 Wri _M2 _UDAMAGED _y10150 _ZMain Library Open Access Collection |
||
| 995 |
_aBINDERY (DAMAGED) _D0.00 _e725960 _FCBU-MAIN LIBRARY (Kitwe) _H1 _I25.00 _jNA 1995 Wri _M1 _UDAMAGED _y010151 _ZMain Library Open Access Collection |
||
| 999 |
_c80498 _d80498 |
||